000
00301 a2200121 4500
090
_c
4267
_d
4267
110
_a
Government of Pakistan
245
_a
Economic Survey 1998-99
260
_a
Islamabad
_b
Finance Division
_c
1999
300
_a
163p.
500
_a
Papercover
942
_a
NBS
_c
BK
_k
330.95491 GOV
999
_c
346714
_d
346714